000 00309nam a22001337a 4500
008 170830b xxu||||| |||| 00| 0 eng d
020 _a9780205823147
041 _aeng
080 _26TH
_a070
100 _a40
101 _aMED
245 _aTHE ALLYN & BACON GUIDE TO WRITING
_cRAMAGE,J.D
942 _2udc
_cBK
999 _c25557
_d25557